000 00294nam a22001337a 4500
008 170915b xxu||||| |||| 00| 0 eng d
020 _a002534050
041 _aeng
080 _a7
100 _a44
101 _aART
245 _aTHE WORLD THEATRE WAGNER
_cOSBORNE.CH
942 _2udc
_cBK
999 _c27819
_d27819